LEADER 00880nam0 2200253 450 001 000024892 005 20090324113100.0 100 $a20090324g19689999km-y0itay50------ba 101 0 $aita 102 $aIT 105 $ay-------001yy 200 1 $a<>costruzione delle navi militari$fIstituto di Costruzioni Navali della Facoltà di Ingegneria degli Studi di Napoli 210 $aNapoli$cLiguori$d1968- 215 $a3 v.$cill.$d24 cm 327 0 $a1. 500 10$a<>costruzione delle navi militari$943663 610 1 $aNavi$aCostruzione 676 $a623.82$v19$9Navi 710 02$aIstituto di Costruzioni Navali della Facoltà di Ingegneria degli Studi di Napoli$0633319 801 0$aIT$bUNIPARTHENOPE$c20090324$gRICA$2UNIMARC 912 $a000024892 951 $aS 623.82/27$bS D 409$cDSA$d2009 996 $aCostruzione delle navi militari$943663 997 $aUNIPARTHENOPE LEADER 01572nam 2200409 a 450 001 9910695125503321 005 20060711124905.0 035 $a(CKB)5470000002367478 035 $a(OCoLC)70278527 035 $a(EXLCZ)995470000002367478 100 $a20060711d2006 ua 0 101 0 $aeng 135 $aurmn|---||||| 181 $ctxt$2rdacontent 182 $cc$2rdamedia 183 $acr$2rdacarrier 200 10$aHomeland Security$b[electronic resource] $emanagement and coordination problems increase the vulnerability of U.S. agriculture to foreign pests and disease : report to congressional requesters 210 1$a[Washington, D.C.] :$cU.S. Government Accountability Office,$d[2006] 215 $a69 pages $cdigital, PDF file 300 $aTitle from title screen (viewed on June 15, 2006). 300 $a"May 2006." 300 $aPaper version available from: U.S. Government Accountability Office, 441 G St., NW, Rm. LM, Washington, D.C. 20548. 300 $a"GAO-06-644." 320 $aIncludes bibliographical references. 517 $aHomeland Security 606 $aIntroduced organisms$zUnited States$xPrevention 606 $aNonindigenous pests$zUnited States$xPrevention 606 $aBiological invasions$zUnited States$xPrevention 615 0$aIntroduced organisms$xPrevention. 615 0$aNonindigenous pests$xPrevention. 615 0$aBiological invasions$xPrevention. 801 0$bGPO 801 1$bGPO 906 $aBOOK 912 $a9910695125503321 996 $aHomeland Security$91686681 997 $aUNINA